000 00487cam a2200181ua 4500
001 568
008 110409n ii |||gr||||Z||||||eng
040 _cMAIN
082 _a327.09044
245 _aInternational relations since 1945.
_cBy Madan Gopal Gupta.
250 _a4th.
260 _aAllahabad.:
_bChaitanya publishing house.,986.
300 _axii, 364 p.:6 cm.
653 _aPolitical science.
653 _aInternational relations.
700 _aGupta, Madan Lal.,
942 _cBK
999 _c504
_d504